LEADER 01665nam a2200349 a 4500 001 000000123941 003 CaOOAMICUS 005 20110331121744.0 008 101215s1988 it u000 u ita r 020 $a978-88-564-0044-1 040 $aPUL$bita 041 1 $aita$hlat 082 04$a340.54 245 00$aAdnotationes codicum domini Iustiniani :$b(Summa perusina) /$cAccademia romanistica costantiniana ; Facoltà di Giurisprudenza di Perugia. 246 30$aSumma perusina 260 $aFirenze :$bMauro Pagliai Editore,$c2008. 300 $axi, 207 c. ;$c29 cm. 500 $aRiproduzione in facsimile del manoscritto membranaceo della Summa perusina (sec. XI) conservato presso la Biblioteca Capitolare di Perugia. 630 04$aCorpus iuris civilis$pCodex Iustinianus$vManoscritti.$0(OLS)http://pul/subject/37389 710 2 $aAccademia romanistica costantiniana.$0(OLS)http://pul/name/9253 710 2 $aFacoltà di giurisprudenza (Università degli studi di Perugia).$0(OLS)http://pul/name/30679 850 $aPUL 852 $aPUL$W1$xDP2 Diritto e Scienze Sociali 3$y110$m340. 54 SUMPE 1.1$j142812$qDDC 21$B141757$CPULBib$Z2$F141757 $H116651 $82 941 1 $a9 961 $aDono prof. Falchi 996 $6020$a978-88-564-0044-1$9(OLS)http://pul/number/146104 996 $6082$a340.54$9(OLS)http://pul/classification/477 996 $6245$aAdnotationes codicum domini Iustiniani :$b(Summa perusina)$9(OLS)http://pul/title/156263 996 $6246$aSumma perusina$9(OLS)http://pul/title/156265 996 $6260$aFirenze :$bMauro Pagliai Editore$9(OLS)http://pul/publisher/81507 LEADER 01177nam a2200253 u 4500 001 000000107838 003 CaOOAMICUS 005 20071024150633.0 008 071024s1921 sp u000 u lat u 040 $aBPUL(R)$bita$dBc 041 0 $alat 100 1 $aGury, Jean Pierre,$cS.I.,$d1801-1866.$0(OLS)http://pul/name/8151 245 10$aCasus conscientiae /$cpropositi ac soluti a P. Joanne Petro Gury, S. J. ; novis casibus aucti, novissimo codici canonico, dispositionibus iuris hispani ac lusitani... accommodati opera P. Joannis B. Ferreres. 250 $aEditio quarta hispana, prima post codicem correctior et auctior 260 $aBarcinone :$bSubirana,$c1921. 300 $ax, 667 p. ;$c22 cm. 505 0 $aTomo secondo 650 4$aTeologia morale$xManuali, compendi, ecc.$0(OLS)http://pul/subject/21415 700 1 $aFerreres, Juan Bautista,$cbeato,$d1861-1936.$0(OLS)http://pul/name/1384 850 $aPUL 852 $aPUL$W1$xSL Religione 1$y3$m36 E 8$j122646$av. 2$qStampati$B121628$CPULBib$Z2$F121628 $82 941 1 $a8 996 $6245$aCasus conscientiae$9(OLS)http://pul/title/71982 996 $6260$aBarcinone :$bSubirana$9(OLS)http://pul/publisher/79482